| 000 | 00577nam a2200217Ia 4500 | ||
|---|---|---|---|
| 005 | 20250508165445.0 | ||
| 008 | 008 250505s9999 xx 000 0 mal d | ||
| 020 | _a81-8143-483-8 | ||
| 037 | _aTextual | ||
| 040 |
_aFEDL _beng _cFEDL |
||
| 041 |
_amal _2mal |
||
| 084 |
_a305.42, MAI _qFEDL |
||
| 100 |
_aMaitreyee Pushpa _9406341 |
||
| 245 | 0 | _aSuno malik suno | |
| 260 |
_aNew Delhi, India _bVani Prakashan _c2006 |
||
| 300 | _a235p. | ||
| 365 |
_aINR _b300 |
||
| 546 | _a 300.00 per vol. | ||
| 942 |
_cTEXL _h305.42, MAI |
||
| 999 |
_c1395203 _d1395203 |
||